000 00326nam a2200133Ia 4500
008 240624s9999 xx 000 0 und d
041 _aeng
082 _a658.3 BRA
100 _aBYARS LLOYD L
245 _aHUMAN RESOURCE MANAGEMENT
250 _a(10th ed.)
260 _c2013
_aNew Delhi
_bTata McGraw-Hill
365 _cRS
_b33
999 _c25935
_d25935